[Event "76th ch-BUL SF 2012"]
[Site "Plovdiv BUL"]
[Date "2012.02.06"]
[Round "1"]
[White "Andreev,Sa"]
[Black "Slavov,H"]
[Result "1/2-1/2"]
[WhiteElo "2201"]
[BlackElo "1791"]
[WhiteFideId "2911019"]
[BlackFideId "2911345"]
[EventDate "2012.02.06"]

1. d4 Nf6 2. Nf3 e6 3. c4 b6 4. g3 Bb7 5. Bg2 d5 6. cxd5 Bb4+ 7. Bd2 Bxd2+ 8.
Qxd2 Bxd5 9. O-O Nbd7 10. Nc3 Ne4 11. Nxe4 Bxe4 12. Qf4 Nf6 13. Rac1 Rc8 14.
Rfd1 O-O 15. Bf1 Bd5 16. b3 Ne4 17. Ne5 g5 18. Qg4 f6 19. f3 Nd6 20. Nc4 f5 21.
Qh5 Bxc4 22. bxc4 Qf6 23. e3 Kh8 24. Bg2 Rg8 25. f4 gxf4 26. exf4 Rg4 27. Bh3
Rg6 28. Qe2 Rcg8 29. Qe5 Qxe5 30. dxe5 Ne4 31. Bg2 Nc5 32. Bf3 R6g7 33. Rd4 h6
34. Kf2 Kh7 35. Rg1 Re7 36. h3 Rgg7 37. Rgd1 Rd7 38. Bc6 Rxd4 39. Rxd4 Re7 40.
Rd8 Kg7 41. Kf3 a5 42. g4 fxg4+ 43. hxg4 Na6 44. a3 Nc5 45. Ke3 Kf7 46. Rd1 Kg6
47. Rf1 Kg7 48. Rf3 Kg6 49. Kd4 Rg7 50. Rh3 Rg8 51. Ke3 Rd8 52. Be4+ Kg7 53. Bc2
Nd7 54. Ke4 Nc5+ 55. Ke3 Nd7 56. g5 hxg5 57. Rh7+ Kg8 58. fxg5 Nxe5 59. Rxc7 Rd7
60. Rc8+ Kg7 1/2-1/2

[Event "76th ch-BUL SF 2012"]
[Site "Plovdiv BUL"]
[Date "2012.02.06"]
[Round "1"]
[White "Stankov,A"]
[Black "Velikov,V"]
[Result "0-1"]
[WhiteElo "1916"]
[BlackElo "1844"]
[WhiteFideId "2904152"]
[BlackFideId "2912856"]
[EventDate "2012.02.06"]

1. Nf3 Nf6 2. d4 g6 3. c4 Bg7 4. g3 d6 5. Nc3 O-O 6. Bg2 Na6 7. e4 Qe8 8. O-O e5
9. d5 Nc5 10. Qc2 Nh5 11. b4 Nd7 12. Be3 f5 13. Nb5 Qd8 14. Ng5 Ndf6 15. c5 f4
16. Bc1 a6 17. Nc3 Ng4 18. Nf3 g5 19. h3 Nxf2 20. Rxf2 Nxg3 21. Ne2 g4 22. hxg4
Bxg4 23. Nxg3 fxg3 24. Rf1 Qe8 25. Rb1 Qh5 26. Rb3 Rf6 27. Qe2 Raf8 28. cxd6
cxd6 29. Bd2 Bh6 30. Be1 Bf4 31. a4 Rh6 32. Qb2 Rc8 33. b5 axb5 34. axb5 Bxf3
35. Bxf3 Qg5 36. Qe2 Rh2 37. Bg2 h5 38. Qf3 Rc2 39. Bh1 g2 0-1

[Event "76th ch-BUL SF 2012"]
[Site "Plovdiv BUL"]
[Date "2012.02.07"]
[Round "2"]
[White "Nikolova,A"]
[Black "Milchev,N"]
[Result "1-0"]
[WhiteTitle "WGM"]
[BlackTitle "IM"]
[WhiteElo "2296"]
[BlackElo "2434"]
[WhiteFideId "2908689"]
[BlackFideId "2906090"]
[EventDate "2012.02.06"]

1. e4 Nf6 2. e5 Nd5 3. d4 d6 4. c4 Nb6 5. exd6 exd6 6. Nc3 Be7 7. Bd3 Nc6 8.
Nge2 a5 9. O-O Nb4 10. Be4 O-O 11. a3 Nc6 12. Nd5 Nxd5 13. cxd5 Nb8 14. b3 Nd7
15. Qc2 Nf6 16. Bf3 Bd7 17. Bd2 c6 18. Nc3 Re8 19. Rfe1 h6 20. Rac1 Bf8 21. Rxe8
Qxe8 22. Na4 Nxd5 23. Bxd5 cxd5 24. Nb6 Ra6 25. Qc7 Be6 26. Na4 Qb5 27. Qc2 Rc6
28. Qb1 Be7 29. Nc3 Qb6 30. Ne2 Bf6 31. Qd3 Rxc1+ 32. Bxc1 Qc6 33. Bd2 a4 34.
bxa4 Qxa4 35. Bb4 Qc6 36. h3 Bd7 37. Qg3 Qc4 38. Qxd6 Qxe2 39. Qxd7 Qd1+ 40. Kh2
Qxd4 41. Qe8+ Kh7 42. Qxf7 b5 43. Kg1 Qa1+ 44. Kh2 Qe5+ 45. g3 d4 46. Qd7 h5 47.
h4 Kg6 48. Kg1 Qf5 49. Qd6 Qb1+ 50. Kh2 Qe4 51. Kg1 Qb1+ 52. Kh2 Qc2 53. Kg1
Qd1+ 54. Kg2 Qg4 55. Kh2 Qf3 56. Kg1 Qf5 57. Kg2 Qe4+ 58. Kg1 Qf3 59. Qd7 Qe2
60. Qd5 Qe5 61. Qd7 Qf5 62. Qd6 Kh7 63. Kg2 Qe4+ 64. Kg1 Qf3 65. Qd7 d3 66. Qd6
Qe4 67. Qd7 Bd4 68. Qf7 Qg6 69. Qf3 Bb2 70. Qd5 Bc1 71. Kh2 Bh6 72. f4 Kh8 73.
Bc5 Kh7 74. f5 Qg4 75. Qxd3 Qc4 76. Qxc4 bxc4 77. Bb4 g6 78. fxg6+ Kxg6 79. Kg2
Kf5 80. Kf3 Bg7 81. a4 Bd4 82. a5 c3 83. a6 c2 84. Bd2 Ba7 85. Bf4 Bb8 86. Bc1
Ba7 87. Bg5 Bb8 88. Ke2 Bxg3 89. a7 1-0

[Event "76th ch-BUL SF 2012"]
[Site "Plovdiv BUL"]
[Date "2012.02.07"]
[Round "2"]
[White "Enchev,I"]
[Black "Galunov,T"]
[Result "1/2-1/2"]
[WhiteTitle "IM"]
[BlackTitle "FM"]
[WhiteElo "2430"]
[BlackElo "2320"]
[WhiteFideId "2907712"]
[BlackFideId "2900874"]
[EventDate "2012.02.06"]

1. d4 d5 2. c4 c6 3. Nc3 Nf6 4. Nf3 dxc4 5. a4 Bf5 6. e3 e6 7. Bxc4 Bb4 8. O-O
O-O 9. Qe2 Nbd7 10. e4 Bg6 11. Bd3 c5 12. e5 cxd4 13. exf6 dxc3 14. fxg7 Kxg7
15. Rd1 Qc7 16. bxc3 Bxc3 17. Rb1 Rfd8 18. Bxg6 hxg6 19. Qe3 Nf6 20. Qh6+ Kg8
21. Bg5 Rxd1+ 22. Rxd1 Rd8 23. Rc1 Bb2 24. Re1 Qc4 25. h3 Qxa4 26. Kh2 Qc2 27.
Qh4 Kg7 28. Re5 Bxe5+ 29. Nxe5 Qf5 30. Ng4 Nxg4+ 31. hxg4 Rh8 32. Qxh8+ Kxh8 33.
gxf5 gxf5 34. Bf6+ Kh7 35. Bc3 Kh6 36. Kg3 Kg5 37. Kf3 f6 38. Ke3 e5 39. f4+ Kg4
40. fxe5 fxe5 41. Bxe5 a5 42. Kf2 a4 43. Bd6 b6 44. Bc7 a3 45. Bxb6 a2 46. Bd4
f4 47. Bc3 Kg5 48. Kf3 Kf5 49. Bd4 Kg5 1/2-1/2

[Event "76th ch-BUL SF 2012"]
[Site "Plovdiv BUL"]
[Date "2012.02.07"]
[Round "2"]
[White "Janachkov,A"]
[Black "Kukov,V"]
[Result "1/2-1/2"]
[BlackTitle "IM"]
[WhiteElo "2212"]
[BlackElo "2414"]
[WhiteFideId "2901145"]
[BlackFideId "2906139"]
[EventDate "2012.02.06"]

1. Nf3 Nf6 2. g3 d5 3. Bg2 c6 4. O-O Bf5 5. d3 h6 6. c4 dxc4 7. dxc4 Qxd1 8.
Rxd1 Nbd7 9. Nc3 e5 10. b3 Bb4 11. Bb2 Ke7 12. a3 Bd6 13. b4 Bc2 14. Rdc1 Bh7
15. Nd2 Rhd8 16. c5 Bc7 17. Nc4 e4 18. Nd1 g5 19. Nde3 Nd5 20. Bh3 Nxe3 21. Nxe3
h5 22. Bf5 Bxf5 23. Nxf5+ Ke6 24. Nd4+ Ke7 25. Nf5+ Ke6 26. Nd4+ Ke7 27. Nf5+
Ke6 28. Nd4+ Ke7 29. Nf5+ Ke6 1/2-1/2

[Event "76th ch-BUL SF 2012"]
[Site "Plovdiv BUL"]
[Date "2012.02.07"]
[Round "2"]
[White "Nikolov,Sas"]
[Black "Dobrev,Nay"]
[Result "0-1"]
[WhiteTitle "IM"]
[WhiteElo "2407"]
[BlackElo "2256"]
[WhiteFideId "2900297"]
[BlackFideId "2902419"]
[EventDate "2012.02.06"]

1. d4 Nf6 2. c4 d6 3. Nf3 g6 4. Nc3 Bf5 5. Bg5 Bg7 6. e3 O-O 7. Bd3 Bxd3 8. Qxd3
Nbd7 9. h3 c6 10. O-O a5 11. e4 Qc7 12. Rac1 Rfe8 13. b3 e5 14. d5 c5 15. Nb5
Qb8 16. Rb1 Ra6 17. a3 Nh5 18. Be3 Qc8 19. Rfe1 h6 20. Qd2 Kh7 21. Nh2 Nhf6 22.
f3 Rd8 23. Ng4 Ng8 24. Nf2 Nb6 25. Rec1 Qd7 26. Nd3 h5 27. g4 f5 28. gxf5 gxf5
29. Kh2 Bh6 30. Rg1 a4 31. Bxh6 Nxh6 32. Qg5 Rg8 33. Qxh5 Raa8 34. exf5 Qxf5 35.
Qxf5+ Nxf5 36. b4 cxb4 37. Rxb4 Nd7 38. Nxd6 Rxg1 39. Kxg1 Nxd6 40. c5 Ra5 41.
cxd6 b6 42. Rh4+ Kg7 43. Rg4+ Kf7 44. Nb4 Rc5 45. f4 e4 46. Kf2 Rc3 47. Rg3 Rb3
48. Nc6 Rxg3 49. Kxg3 Nf6 50. Nb4 Ke8 51. Kh4 b5 52. Kg5 Kf7 53. Kf5 e3 54. d7
Ke7 55. d8=Q+ Kxd8 56. Kxf6 e2 57. Nc2 b4 58. axb4 a3 59. Nxa3 e1=Q 60. Nc4 Qxb4
61. Ne5 Qxf4+ 62. Ke6 Qh6+ 63. Kf5 Qxh3+ 64. Ke4 Ke7 65. Nc4 Kf6 66. Kd4 Qc8 67.
Nd6 Qc1 68. Ne4+ Kf5 69. Nd6+ Kf4 70. Nb5 Qd2+ 71. Kc5 Ke5 72. d6 Qc1+ 73. Kb6
Kd5 0-1

[Event "76th ch-BUL SF 2012"]
[Site "Plovdiv BUL"]
[Date "2012.02.07"]
[Round "2"]
[White "Yordanova,S"]
[Black "Pantev,V"]
[Result "0-1"]
[WhiteTitle "WIM"]
[BlackTitle "FM"]
[WhiteElo "2143"]
[BlackElo "2389"]
[WhiteFideId "2905108"]
[BlackFideId "2901390"]
[EventDate "2012.02.06"]

1. Nf3 Nf6 2. c4 c6 3. d4 d5 4. cxd5 cxd5 5. Nc3 Nc6 6. Bf4 e6 7. e3 Be7 8. Rc1
Nh5 9. Bg3 Nxg3 10. hxg3 h6 11. Bd3 Bd7 12. a3 Rc8 13. O-O O-O 14. b4 a6 15. Qb3
b5 16. Rfd1 Qb6 17. e4 dxe4 18. Bxe4 Bf6 19. d5 Nd4 20. Nxd4 Bxd4 21. Rf1 e5 22.
Ne2 Rxc1 23. Nxc1 Qf6 24. Ne2 Bb6 25. Bb1 Rc8 26. Qd3 g6 27. Qd2 Kg7 28. Nc3 Qg5
29. Qxg5 hxg5 30. Ne4 g4 31. Kh2 f5 32. Ng5 Kf6 33. Ne6 Ke7 34. Kg1 Rc3 35. Re1
Kd6 36. Nf8 Be8 37. Nh7 Bf7 38. Nf6 Bd8 39. Nh7 Be7 40. f4 gxf3 41. gxf3 Rxf3
42. Kg2 Rxa3 0-1

[Event "76th ch-BUL SF 2012"]
[Site "Plovdiv BUL"]
[Date "2012.02.07"]
[Round "2"]
[White "Janev,E"]
[Black "Andreev,Sa"]
[Result "1/2-1/2"]
[WhiteTitle "GM"]
[WhiteElo "2503"]
[BlackElo "2201"]
[WhiteFideId "2900360"]
[BlackFideId "2911019"]
[EventDate "2012.02.06"]

1. e4 c6 2. d4 d5 3. e5 Bf5 4. Nf3 e6 5. Be2 Nd7 6. O-O Ne7 7. Be3 Bg6 8. Nh4 c5
9. c3 Nc6 10. Nxg6 hxg6 11. Nd2 a6 12. Nf3 Be7 13. Qd2 Rc8 14. Rfc1 O-O 15. g3
b5 16. a4 Qb6 17. axb5 axb5 18. dxc5 Bxc5 19. Bxc5 Nxc5 20. Qe3 Rb8 21. Nd4 Rfc8
22. Rd1 Nxd4 23. cxd4 Na4 24. Qd2 Rc7 25. Rdc1 Rxc1+ 26. Rxc1 b4 27. Ra1 Qc6 28.
Rc1 Qb6 29. Ra1 Qc6 30. Rc1 Qb6 31. Ra1 1/2-1/2

[Event "76th ch-BUL SF 2012"]
[Site "Plovdiv BUL"]
[Date "2012.02.07"]
[Round "2"]
[White "Genov,Peta"]
[Black "Asparuhov,P"]
[Result "1-0"]
[WhiteTitle "GM"]
[WhiteElo "2463"]
[BlackElo "2103"]
[WhiteFideId "2900211"]
[BlackFideId "2905647"]
[EventDate "2012.02.06"]

1. e4 e6 2. Nf3 d5 3. Nc3 Nf6 4. e5 Nfd7 5. d4 c5 6. dxc5 Nxc5 7. Bf4 a6 8. Bd3
Nc6 9. O-O Nxd3 10. cxd3 Be7 11. Rc1 O-O 12. Ne2 Qb6 13. Qd2 Qb4 14. Rc3 Bd7 15.
a3 Qa4 16. Bg5 f6 17. exf6 Bxf6 18. d4 Qa5 19. Re1 Qd8 20. Bxf6 Qxf6 21. Re3
Rae8 22. Nc1 Qh6 23. Qd1 Bc8 24. Nd3 Rf5 25. Nde5 Ne7 26. Rc3 Rff8 27. Qc1 Qf6
28. Rc7 Nf5 29. Qd2 Nd6 30. Rec1 Rd8 31. h3 Ne4 32. Qe3 h6 33. R1c2 Nd6 34. Qc1
Kh7 35. Ng4 Qf4 36. Qxf4 Rxf4 37. Nge5 Rff8 38. a4 b5 39. b3 bxa4 40. bxa4 Bb7
41. Rb2 Bc8 42. Rb6 Rf4 43. Rxd6 Rxd6 44. Rxc8 Rb6 45. h4 Rb1+ 46. Kh2 Rb4 47.
h5 Rf5 48. g4 Rf6 49. Ng6 Rxg6 50. hxg6+ Kxg6 51. Rc6 Rxa4 52. Rxe6+ 1-0

[Event "76th ch-BUL SF 2012"]
[Site "Plovdiv BUL"]
[Date "2012.02.07"]
[Round "2"]
[White "Vutov,M"]
[Black "Arnaudov,P"]
[Result "1-0"]
[WhiteElo "2352"]
[BlackElo "2121"]
[WhiteFideId "2903431"]
[BlackFideId "2901706"]
[EventDate "2012.02.06"]

1. e4 c5 2. Nf3 g6 3. d4 Bg7 4. dxc5 Qa5+ 5. c3 Qxc5 6. Bd3 Nf6 7. Na3 Nc6 8.
Be3 Qa5 9. O-O d5 10. exd5 Nxd5 11. Bd2 Qd8 12. Qb3 O-O 13. Rad1 Nb6 14. Be3 Be6
15. Bc4 Nxc4 16. Rxd8 Nxe3 17. Rxf8+ Rxf8 18. Qxb7 Nd8 19. Qxa7 Nxf1 20. Kxf1
Bxa2 21. Qxe7 Ne6 22. Ng5 Nxg5 23. Qxg5 Rb8 24. Qd2 Be6 25. h4 h5 26. Kg1 Kh7
27. b4 Ra8 28. Qc1 Bf6 29. c4 Ra4 30. b5 Rb4 31. Qe3 Bb2 32. b6 Bxa3 33. Qxa3
Rxb6 34. Qc3 Ra6 35. Kh2 Ra4 36. c5 Rc4 37. Qe5 Rxh4+ 38. Kg1 Rc4 39. Qd6 Rc1+
40. Kh2 Rc2 41. Kg3 Rc4 42. c6 Kg7 43. c7 Kh7 44. Kf3 Kg7 45. Ke3 Bf5 46. Qe7
Rc1 47. Qe5+ Kh7 48. Kf4 Rc6 49. f3 Be6 50. Ke3 Rc1 51. Qd6 Rc4 52. Kd3 Rc1 53.
Qb6 Bf5+ 54. Kd4 Kg7 55. Kd5 Rd1+ 56. Kc5 Rc1+ 57. Kd6 Rd1+ 58. Kc6 Rc1+ 59. Kb7
Kh7 60. Qb2 Rc5 61. Kb6 Rc4 62. Qe5 Be6 63. Qf6 Rc1 64. g4 hxg4 65. fxg4 Rb1+
66. Kc6 Rd1 67. g5 Rd2 68. Qd8 1-0

[Event "76th ch-BUL SF 2012"]
[Site "Plovdiv BUL"]
[Date "2012.02.07"]
[Round "2"]
[White "Slavov,H"]
[Black "Mogilarov,D"]
[Result "1-0"]
[WhiteElo "1791"]
[BlackElo "2189"]
[WhiteFideId "2911345"]
[BlackFideId "2905248"]
[EventDate "2012.02.06"]

1. e4 c5 2. Nf3 d6 3. c3 Nf6 4. Bd3 Nc6 5. O-O Bg4 6. h3 Bh5 7. Bc2 e6 8. d4
cxd4 9. cxd4 Bxf3 10. gxf3 Be7 11. Nc3 O-O 12. Be3 Nh5 13. f4 g6 14. Qg4 f5 15.
exf5 exf5 16. Qg2 Bf6 17. Bxf5 Kh8 18. Bg4 Nxd4 19. Rad1 Nf5 20. Qd5 Bg7 21. Ne4
Qh4 22. Nxd6 Nxd6 23. Qxd6 Nf6 24. Be6 Rae8 25. Bd4 Nh5 26. Bxg7+ Nxg7 27. Bd7
Rd8 28. Rd4 Rf7 29. Qc7 Qf6 30. Rd6 Qe7 31. Rfd1 Rxf4 32. Qxb7 Qe2 33. R6d2 Qe5
34. Rd5 Qf6 35. R1d2 Qf7 36. Qxa7 Nf5 37. Bxf5 Qxa7 38. Rxd8+ 1-0

[Event "76th ch-BUL SF 2012"]
[Site "Plovdiv BUL"]
[Date "2012.02.07"]
[Round "2"]
[White "Nikolov,J"]
[Black "Arnaudov,G"]
[Result "0-1"]
[BlackTitle "IM"]
[WhiteElo "2097"]
[BlackElo "2473"]
[WhiteFideId "2906112"]
[BlackFideId "2907127"]
[EventDate "2012.02.06"]

1. e4 Nf6 2. e5 Nd5 3. d4 d6 4. c4 Nb6 5. Nf3 Bg4 6. exd6 exd6 7. Be2 Be7 8. Be3
N8d7 9. Nbd2 O-O 10. O-O f5 11. d5 Bf6 12. Bd4 a5 13. a4 Re8 14. Re1 Nf8 15.
Bxf6 Qxf6 16. Qc2 Ng6 17. h3 Bh5 18. Bd3 f4 19. Ne4 Qf8 20. Neg5 Qf6 21. Ne4 Qf8
22. Neg5 Nd7 23. Ne6 Qf6 24. Nfg5 Nde5 25. Ne4 Qe7 26. Bf1 h6 27. c5 f3 28. g3
Nf8 29. Nxf8 Rxf8 30. Rac1 Bg6 31. Qc3 Bxe4 32. Rxe4 b6 33. cxb6 cxb6 34. Qb3
Qb7 35. Re3 Rac8 36. Rec3 Rxc3 37. Rxc3 Rf7 38. Bb5 Rc7 39. Bc6 Qc8 40. Kh2 Qa6
41. Bb5 Rxc3 42. Qxc3 Qb7 43. Bc6 Qf7 44. Qc2 Qh5 45. Qe4 Qg5 46. Qd4 Qc1 47.
Bb5 Qc7 48. Ba6 h5 49. g4 hxg4 50. hxg4 Qc1 51. Qxb6 Qf4+ 52. Kh1 Qxg4 53. Qd8+
Kh7 54. Bf1 Qh4+ 55. Kg1 Qg4+ 56. Kh2 Ng6 57. Qxd6 Nf4 58. Qe5 Qh4+ 59. Kg1 Qg4+
60. Kh1 Ne2 61. Qh2+ Kg6 62. Qd6+ Kf7 63. Qc7+ Ke8 64. Qe5+ Kd7 65. Qh2 Nf4 66.
Qh7 Kd6 67. Qg8 Qh4+ 68. Kg1 Qg5+ 69. Kh1 Qh5+ 70. Kg1 Ne2+ 71. Bxe2 Qg4+ 0-1

[Event "76th ch-BUL SF 2012"]
[Site "Plovdiv BUL"]
[Date "2012.02.07"]
[Round "2"]
[White "Janchev,P"]
[Black "Stankov,A"]
[Result "1-0"]
[WhiteElo "2118"]
[BlackElo "1916"]
[WhiteFideId "2903016"]
[BlackFideId "2904152"]
[EventDate "2012.02.06"]

1. d4 d5 2. Nf3 Nf6 3. c4 dxc4 4. Nc3 e6 5. Qa4+ Nc6 6. Qxc4 Bb4 7. g3 Qd5 8.
Qxd5 Nxd5 9. Bd2 O-O 10. Bg2 Nxc3 11. bxc3 Ba5 12. c4 Bxd2+ 13. Kxd2 Rd8 14. Kc3
Bd7 15. e3 f6 16. Rhd1 Ne7 17. Ne1 Bc6 18. e4 Ba4 19. Rd2 c6 20. Nd3 b6 21. Nb2
b5 22. Nxa4 bxa4 23. Rb1 e5 24. d5 c5 25. Rb5 Rac8 26. Bh3 a6 27. Rb7 1-0

[Event "76th ch-BUL SF 2012"]
[Site "Plovdiv BUL"]
[Date "2012.02.07"]
[Round "2"]
[White "Roydov,P"]
[Black "Ninov,D"]
[Result "0-1"]
[WhiteElo "1780"]
[BlackElo "2117"]
[WhiteFideId "2908654"]
[BlackFideId "2911060"]
[EventDate "2012.02.06"]

1. d4 d6 2. Nf3 Nf6 3. Bf4 g6 4. h3 Bg7 5. e3 O-O 6. Be2 c5 7. c3 Qb6 8. Qb3 Be6
9. Qc2 Nc6 10. dxc5 Qxc5 11. Nd4 Bd5 12. O-O e5 13. Nxc6 Qxc6 14. Bg3 Bxg2 15.
Rd1 Bxh3 16. f3 Bf5 17. e4 Be6 18. Qd3 Nh5 19. Bh2 Rad8 20. c4 Qb6+ 21. Kg2 Qxb2
22. Nc3 Nf4+ 23. Bxf4 exf4 24. Nb5 Qf6 25. Kf1 Bh3+ 26. Ke1 Qh4+ 27. Kd2 Bxa1
28. Rxa1 a6 29. Nd4 Qf6 30. Rb1 b5 31. cxb5 d5 32. e5 Qxe5 33. Nc6 Qd6 34. Nxd8
Rxd8 35. bxa6 Bf5 36. Qb3 Bxb1 37. Qxb1 Qa3 38. Qb3 Qa5+ 39. Kd1 Qc5 40. Qb7 Rc8
41. Qb2 h5 42. Bd3 Qg1+ 43. Kd2 Qe3+ 0-1

[Event "76th ch-BUL SF 2012"]
[Site "Plovdiv BUL"]
[Date "2012.02.07"]
[Round "2"]
[White "Ibryamov,Ilhan"]
[Black "Petrov,Pl"]
[Result "1-0"]
[WhiteElo "2115"]
[BlackElo "1890"]
[WhiteFideId "2918854"]
[BlackFideId "2904071"]
[EventDate "2012.02.06"]

1. d4 d5 2. c4 dxc4 3. e3 Nf6 4. Bxc4 e6 5. Nf3 c5 6. O-O a6 7. a4 Nc6 8. Nc3
Be7 9. b3 O-O 10. Bb2 cxd4 11. exd4 Nb4 12. Re1 Nbd5 13. Ne5 Nxc3 14. Bxc3 Nd5
15. Bb2 Bb4 16. Re4 Nc3 17. Bxc3 Bxc3 18. Rc1 f5 19. Re2 Qxd4 20. Qc2 Ba5 21.
Rd1 Qc3 22. Qxc3 Bxc3 23. Nd7 Bxd7 24. Rxd7 b5 25. Bxe6+ Kh8 26. Rc2 b4 27. Re2
f4 28. Bc4 Rad8 29. Rxd8 Rxd8 30. h3 a5 31. Kh2 h6 32. h4 g5 33. Re6 Kg7 34. h5
Rd4 35. Rg6+ Kf8 36. Rxh6 Rxc4 37. bxc4 b3 38. Rd6 b2 39. Rd1 Bd2 40. Rb1 Bc1
41. Kh3 f3 42. gxf3 g4+ 43. Kxg4 Ke7 44. Kf5 Kd6 45. f4 Kc5 46. h6 1-0

[Event "76th ch-BUL SF 2012"]
[Site "Plovdiv BUL"]
[Date "2012.02.07"]
[Round "2"]
[White "Pantev,T"]
[Black "Ljangov,P"]
[Result "1-0"]
[WhiteElo "1863"]
[BlackElo "2101"]
[WhiteFideId "2911310"]
[BlackFideId "2901277"]
[EventDate "2012.02.06"]

1. d4 Nf6 2. Nf3 d6 3. Bf4 g6 4. e3 Bg7 5. Be2 O-O 6. h3 c6 7. O-O Nbd7 8. c4
Qa5 9. Nc3 a6 10. Rb1 e5 11. Bh2 e4 12. Nd2 d5 13. b4 Qd8 14. a4 Re8 15. b5 axb5
16. axb5 h5 17. bxc6 bxc6 18. cxd5 cxd5 19. Nb5 Ba6 20. Nc7 Bxe2 21. Qxe2 Nf8
22. Nxe8 Qxe8 23. Qb5 Qxb5 24. Rxb5 Ra2 25. Nb1 Rc2 26. Be5 N8d7 27. Bxf6 Nxf6
28. Rc5 Rb2 29. Nc3 Bf8 30. Rb5 Rb4 31. Rb1 Rxb1+ 32. Nxb1 Bd6 33. Nc3 Kf8 34.
Nxd5 Nxd5 35. Rxd5 Ke7 36. f3 exf3 37. gxf3 Ke6 38. Rb5 1-0

[Event "76th ch-BUL SF 2012"]
[Site "Plovdiv BUL"]
[Date "2012.02.07"]
[Round "2"]
[White "Dimitrov,De"]
[Black "Kolev,H"]
[Result "1/2-1/2"]
[WhiteElo "2104"]
[BlackElo "1798"]
[WhiteFideId "2911000"]
[BlackFideId "2903849"]
[EventDate "2012.02.06"]

1. e4 c5 2. Nf3 g6 3. Nc3 Bg7 4. d4 cxd4 5. Nxd4 Nc6 6. Nde2 Nf6 7. g3 d6 8. Bg2
O-O 9. O-O Be6 10. Nd5 Rc8 11. a4 Qd7 12. Nef4 Ne5 13. Nxe6 fxe6 14. Nf4 g5 15.
Nd3 Nxd3 16. Qxd3 Ng4 17. c3 Ne5 18. Qb5 g4 19. Be3 a6 20. Qxd7 Nxd7 21. Rfd1
Ne5 22. Bf1 Nc4 23. Bc1 h5 24. Ra2 Kh7 25. Bg5 Bf6 26. Bf4 Kg6 27. Bd3 Ne5 28.
Bc2 Nf3+ 29. Kg2 Be5 30. Be3 h4 31. Raa1 Rh8 32. Bb3 Kf6 33. Rh1 h3+ 34. Kf1
Rhf8 35. a5 Rc7 36. Ra4 Rd7 37. Rb4 Rc7 38. Bd1 Kf7 39. Bxf3 gxf3 40. Bb6 Rc6
41. Be3 Rfc8 42. Rxb7 Rc4 43. Ke1 Rxe4 44. Kd2 d5 45. Rb6 d4 46. cxd4 Bxd4 47.
Bxd4 Rd8 48. Rb4 e5 49. Re1 Rxe1 50. Kxe1 exd4 51. Rb3 e5 52. Rxf3+ Ke6 53. Rb3
Rd5 54. Rb6+ Kf5 55. Rxa6 Rb5 56. Rb6 Rxa5 57. Ke2 Ra1 58. Rh6 Rb1 59. Rh5+ Kg4
60. Rh4+ Kf5 61. Rh5+ Kg4 62. Rh4+ 1/2-1/2

[Event "76th ch-BUL SF 2012"]
[Site "Plovdiv BUL"]
[Date "2012.02.07"]
[Round "3"]
[White "Pantev,V"]
[Black "Nikolova,A"]
[Result "1-0"]
[WhiteTitle "FM"]
[BlackTitle "WGM"]
[WhiteElo "2389"]
[BlackElo "2296"]
[WhiteFideId "2901390"]
[BlackFideId "2908689"]
[EventDate "2012.02.06"]

1. d4 Nf6 2. Nf3 e6 3. g3 b5 4. a4 b4 5. Bg2 Bb7 6. O-O Be7 7. c4 bxc3 8. bxc3
c5 9. a5 O-O 10. Nbd2 Ne4 11. Nxe4 Bxe4 12. Bf4 Na6 13. Qa4 cxd4 14. cxd4 Nb4
15. Ne5 Bxg2 16. Kxg2 Nd5 17. Bd2 d6 18. Nd3 f5 19. Nf4 Nxf4+ 20. Bxf4 Bf6 21.
Rab1 Rf7 22. Rfc1 h5 23. Qc6 e5 24. dxe5 dxe5 25. Be3 Kh7 26. Rd1 Qc8 27. Rbc1
Qxc6+ 28. Rxc6 Rb8 29. Rdc1 g5 30. Ra6 Ra8 31. Rcc6 f4 32. Bxf4 exf4 33. Rxf6
Rxf6 34. Rxf6 fxg3 35. hxg3 Re8 36. e3 Re7 37. Rc6 Kg7 38. Kf1 Rd7 39. f4 gxf4
40. gxf4 Rd2 41. Ra6 h4 42. Re6 Ra2 43. a6 h3 44. Kg1 Kf7 45. Rh6 Kg7 46. Rxh3
Rxa6 47. Kf2 Rc6 48. Rh5 Rc2+ 49. Kf3 Ra2 50. Rb5 Kf6 51. Rc5 Ra3 52. Rc6+ Ke7
53. f5 Kd7 54. Rh6 a5 55. Kf4 Ra1 56. e4 a4 57. Ke5 Kc7 58. Rh7+ Kb6 59. Rh2 Rf1
60. Kf6 a3 61. e5 Re1 62. e6 Kc6 63. Rd2 Kc5 64. e7 Kc4 65. Kf7 Kc3 66. Ra2 1-0

[Event "76th ch-BUL SF 2012"]
[Site "Plovdiv BUL"]
[Date "2012.02.07"]
[Round "3"]
[White "Dobrev,Nay"]
[Black "Marholev,D"]
[Result "0-1"]
[BlackTitle "IM"]
[WhiteElo "2256"]
[BlackElo "2370"]
[WhiteFideId "2902419"]
[BlackFideId "2901340"]
[EventDate "2012.02.06"]

1. d4 c5 2. d5 e6 3. e4 exd5 4. exd5 d6 5. Be2 Nf6 6. Nc3 g6 7. Nf3 Bg7 8. O-O
O-O 9. h3 Na6 10. Bf4 Nc7 11. a4 a6 12. Bh2 Rb8 13. a5 Re8 14. Nd2 Bf8 15. Nc4
Nb5 16. Nxb5 axb5 17. Nb6 Bd7 18. Re1 Qc7 19. Bf3 b4 20. Qd2 Bb5 21. c4 bxc3 22.
bxc3 Rxe1+ 23. Rxe1 Nd7 24. Rb1 Ba6 25. g4 Nxb6 26. Rxb6 Re8 27. Bg3 Qd7 28. Qf4
Rd8 29. Bd1 Qe7 30. Qe3 Qd7 31. Kh2 Re8 32. Qf4 Re1 33. Ba4 Qe7 34. Bb5 Bxb5 35.
Rxb5 Qe2 36. Rxb7 f5 37. Rb8 Qf1 38. Rxf8+ Kg7 0-1

[Event "76th ch-BUL SF 2012"]
[Site "Plovdiv BUL"]
[Date "2012.02.07"]
[Round "3"]
[White "Vutov,M"]
[Black "Genov,Peta"]
[Result "1/2-1/2"]
[BlackTitle "GM"]
[WhiteElo "2352"]
[BlackElo "2463"]
[WhiteFideId "2903431"]
[BlackFideId "2900211"]
[EventDate "2012.02.06"]

1. e4 c6 2. Nc3 d5 3. Nf3 dxe4 4. Nxe4 Nd7 5. Bc4 e6 6. Qe2 Be7 7. d4 Ngf6 8.
Neg5 Nd5 9. O-O h6 10. Ne4 Qc7 11. Bb3 b6 12. Re1 Bb7 13. c4 N5f6 14. Nc3 O-O
15. Bc2 Rad8 16. Ne5 a6 17. Bf4 Bd6 18. Nxd7 Rxd7 19. Bxd6 Qxd6 20. Rad1 Rfd8
21. Qe3 Ng4 22. Qe4 Nf6 23. Qe3 Ng4 24. Qe4 Nf6 25. Qe3 Ng4 1/2-1/2

[Event "76th ch-BUL SF 2012"]
[Site "Plovdiv BUL"]
[Date "2012.02.07"]
[Round "3"]
[White "Janachkov,A"]
[Black "Enchev,I"]
[Result "0-1"]
[BlackTitle "IM"]
[WhiteElo "2212"]
[BlackElo "2430"]
[WhiteFideId "2901145"]
[BlackFideId "2907712"]
[EventDate "2012.02.06"]

1. e4 c5 2. Nf3 d6 3. c3 Nf6 4. Bc4 e6 5. Qe2 Be7 6. d4 cxd4 7. cxd4 O-O 8. e5
dxe5 9. dxe5 Nfd7 10. O-O Nc6 11. Nc3 a6 12. Rd1 Qc7 13. Bf4 b5 14. Bb3 Nc5 15.
Rac1 Nxb3 16. axb3 Bb7 17. Ne4 Rad8 18. Nd6 Ba8 19. Bg5 Bxg5 20. Nxg5 Qe7 21. f4
h6 22. Nge4 Nb4 23. Rc3 Bxe4 24. Qxe4 Nd5 25. Rg3 Qh4 26. Rf1 f5 27. Qd4 Qe7 28.
Ra1 Ra8 29. b4 Kh7 30. Rga3 Qh4 31. g3 Qg4 32. Rxa6 Rxa6 33. Rxa6 Qe2 34. Ra3
Rd8 35. Qf2 Qd1+ 36. Kg2 Rd7 37. Nxb5 Nxb4 38. Nd6 Nc2 39. Ra7 Rxa7 40. Qxa7
Qe2+ 0-1

[Event "76th ch-BUL SF 2012"]
[Site "Plovdiv BUL"]
[Date "2012.02.07"]
[Round "3"]
[White "Kukov,V"]
[Black "Slavov,H"]
[Result "1-0"]
[WhiteTitle "IM"]
[WhiteElo "2414"]
[BlackElo "1791"]
[WhiteFideId "2906139"]
[BlackFideId "2911345"]
[EventDate "2012.02.06"]

1. Nf3 Nf6 2. c4 e6 3. g3 b6 4. Bg2 Bb7 5. O-O c5 6. Nc3 Be7 7. Re1 d5 8. cxd5
exd5 9. d4 Nc6 10. Bg5 Qd7 11. dxc5 d4 12. Bxf6 Bxf6 13. Ne4 Be7 14. Nd6+ Bxd6
15. cxd6 Qxd6 16. Nxd4 Nxd4 17. Bxb7 Rd8 18. e3 Ne6 19. Qa4+ Ke7 20. Bf3 Qc7 21.
Rac1 Nc5 22. Qh4+ f6 23. b4 g5 24. Qh6 1-0